Ревитализация культурного наследия народов России: опыт, проблемы, перспективы (Запись № 4183348)

Подробности
000 -МАРКЕР
контрольное поле 03092nam0a2200421 4500
001 - ИДЕНТИФИКАТОР ЗАПИСИ
контрольное поле RU\NLR\bibl\1999591
005 - ИДЕНТИФИКАТОР ВЕРСИИ
контрольное поле 20260408110338.0
010 ## - МЕЖДУНАРОДНЫЙ СТАНДАРТНЫЙ НОМЕР КНИГИ (ISBN)
Номер (ISBN) 978-5-9960-0081-4
Тираж 100
021 ## - НОМЕР ГОСУДАРСТВЕННОЙ РЕГИСТРАЦИИ
Код страны Российская Федерация
Номер 2013-4083
Номер Листа государственной регистраци 283
035 ## - ДРУГИЕ СИСТЕМНЫЕ НОМЕРА
Идентификатор записи (NLR Aleph) 001987908
100 ## - ДАННЫЕ ОБЩЕЙ ОБРАБОТКИ
Данные общей обработки 20130212d2012 |||y0rusy50 ca
101 0# - ЯЗЫК РЕСУРСА
Язык текста, звукозаписи и т.д. русский
102 ## - СТРАНА ПУБЛИКАЦИИ ИЛИ ПРОИЗВОДСТВА
Страна публикации Российская Федерация
105 ## - ПОЛЕ КОДИРОВАННЫХ ДАННЫХ: ТЕКСТОВЫЕ МАТЕРИАЛЫ, МОНОГРАФИЧЕСКИЕ
Кодированные данные о монографическом текстовом документе y z 100yy
200 1# - ЗАГЛАВИЕ И СВЕДЕНИЯ ОБ ОТВЕТСТВЕННОСТИ
Основное заглавие Ревитализация культурного наследия народов России: опыт, проблемы, перспективы
Сведения, относящиеся к заглавию материалы Всероссийской научно-практической конференции "Возрождение, сохранение и трансляция культурного наследия народов России в современном этнокультурном пространстве" [в рамках Всероссийского открытого фестиваля-конкурса традиционной художественной культуры "Этномириада", 21 октября 2012 года
Первые сведения об ответственности отв. ред.: А.Р. Еникеева, к.п.н. и др.]
210 ## - ПУБЛИКАЦИЯ, РАСПРОСТРАНЕНИЕ И ДР.
Место издания, распространения и т.д. Казань
Имя издателя, распространителя и т. д. КазГУКИ
Дата издания, распространения и т.д. 2012
215 ## - ФИЗИЧЕСКАЯ ХАРАКТЕРИСТИКА
Специфическое обозначение материала и объем 249 c.
Размеры 29
300 ## - ОБЩИЕ ПРИМЕЧАНИЯ
Текст примечания В надзаг.: М-во культуры Рос. Федерации, ФГБОУ ВПО "Казанский гос. ун-т культуры и искусств", Фак. худож. культуры и дизайна
320 ## - ПРИМЕЧАНИЯ О НАЛИЧИИ В ДОКУМЕНТЕ БИБЛИОГРАФИИ / УКАЗАТЕЛЯ
Текст примечания Библиогр. в конце докл.
606 1# - НАИМЕНОВАНИЕ ТЕМЫ КАК ПРЕДМЕТ
Наименование темы Народы России
Формальный подзаголовок Съезды, совещания и т.п.
Тематический подзаголовок Культура
Системный номер авторитетной/нормативной записи 2195328
Идентификатор авторитетной/нормативной записи RU\NLR\AUTH\661319456
606 1# - НАИМЕНОВАНИЕ ТЕМЫ КАК ПРЕДМЕТ
Наименование темы Музыкальный фольклор народов России
Формальный подзаголовок Съезды, совещания и т.п
Системный номер авторитетной/нормативной записи 2185197
Идентификатор авторитетной/нормативной записи RU\NLR\AUTH\6601550131
606 1# - НАИМЕНОВАНИЕ ТЕМЫ КАК ПРЕДМЕТ
Наименование темы Декоративно-прикладное искусство
Формальный подзаголовок Съезды, совещания и т.п
Географический подзаголовок Россия
Системный номер авторитетной/нормативной записи 2185203
Идентификатор авторитетной/нормативной записи RU\NLR\AUTH\6601550133
686 1# - ИНДЕКСЫ ДРУГИХ КЛАССИФИКАЦИЙ
Индекс Т3(2) 0-7я431
686 1# - ИНДЕКСЫ ДРУГИХ КЛАССИФИКАЦИЙ
Индекс Т52(2) я431
686 1# - ИНДЕКСЫ ДРУГИХ КЛАССИФИКАЦИЙ
Индекс Щ313(2)0я431
686 1# - ИНДЕКСЫ ДРУГИХ КЛАССИФИКАЦИЙ
Индекс Щ123(2)я431
702 #1 - ИМЯ ЛИЦА - ВТОРИЧНАЯ ОТВЕТСТВЕННОСТЬ
Начальный элемент ввода Еникеева
Часть имени, кроме начального элемента ввода А. Р.
Расширение инициалов личного имени Алсу Рашидовна
Код отношения Редактор
711 12 - НАИМЕНОВАНИЕ ОРГАНИЗАЦИИ - АЛЬТЕРНАТИВНАЯ ОТВЕТСТВЕННОСТЬ
Начальный элемент ввода "Возрождение, сохранение и трансляция культурного наследия народов России в современном этнокультурном пространстве", всероссийская научно-практическая конференция
Дата проведения временной организации 2012
Место проведения временной организации Казань
Идентификатор авторитетной/нормативной записи RU\NLR\AUTH\8810246850
Системный номер авторитетной/нормативной записи 379518
711 12 - НАИМЕНОВАНИЕ ОРГАНИЗАЦИИ - АЛЬТЕРНАТИВНАЯ ОТВЕТСТВЕННОСТЬ
Начальный элемент ввода "Этномириада", всероссийский открытый фестиваль-конкурс традиционной художественной культуры
Дата проведения временной организации 2012
Место проведения временной организации Казань
Идентификатор авторитетной/нормативной записи RU\NLR\AUTH\8810246851
Системный номер авторитетной/нормативной записи 379520
801 #0 - ИСТОЧНИК ЗАПИСИ
Страна Российская Федерация
Организация NLR
Дата составления 20130212
Правила каталогизации RCR
801 #1 - ИСТОЧНИК ЗАПИСИ
Страна Российская Федерация
Организация NLR
Дата составления 20130212
942 ## - ДОПОЛНИТЕЛЬНЫЕ ЭЛЕМЕНТЫ ЗАПИСИ (АБИС)
Тип экземпляра АБИС Книга
980 ## - КОЛЛЕКЦИЯ
Название коллекции НБР
980 ## - КОЛЛЕКЦИЯ
Название коллекции Национальная библиография
Экземпляры
Тип экземпляра Дата поступления Источник поступления Библиотека постоянного хранения Библиотека текущего хранения Место хранения Шифр хранения Штрих-код Статус экземпляра
Книга 12.02.2013 Обязательный экземпляр РНБ (Московский) РНБ (Московский) Кафедра выдачи изданий из Русского книжного фонда и Иностранного книжного фонда 2013-8/469 1-241386  
Книга 12.02.2013 Обязательный экземпляр РНБ (Московский) РНБ (Московский) Русский книжный фонд: издания с 1957 года 2013-8/469 3825663